| 000 | 00683nam a2200193 i 4500 | ||
|---|---|---|---|
| 001 | 129271 | ||
| 003 | ES-MaACL | ||
| 005 | 20230906193453.0 | ||
| 007 | t| | ||
| 008 | 070611s1930 sp ||||1| spa d | ||
| 100 | 1 |
_aTerradas, Esteban. _9109767 |
|
| 245 | 1 | 0 |
_aDiscurso leído en la solemne inauguración del curso académico de 1930 a 1931 _b: [tema: Integrales de Fourier-Stieljes, (examen de estudios recientes) / _cpor E. Terradas. |
| 260 |
_aMadrid : _b[s.n.], _c1930 ( _eImp. Colonial) |
||
| 300 |
_a44 p. ; _c28 cm. |
||
| 594 | _aPrecede al tít.: Universidad de Madrid. | ||
| 650 | 0 | 4 |
_aIntegrales. _913841 |
| 852 |
_aES-MaACL _j1755-F-4 |
||
| 852 |
_aES-MaACL _j1746-F-3 |
||
| 999 |
_c129271 _d129271 |
||